logo

Bir Sreshtho Munshi Abdur Rouf Library
Jhenaidah Cadet College

The Merchant of Venice / (Record no. 4036)

MARC details
000 -LEADER
fixed length control field 00566nam a2200229 a 4500
001 - CONTROL NUMBER
JCCL Control Number 4036
003 - CONTROL NUMBER IDENTIFIER
JCCL marc code BD-JhCC
005 - DATE AND TIME OF LATEST TRANSACTION
control field 20171122095104.0
008 - FIXED-LENGTH DATA ELEMENTS--GENERAL INFORMATION
fixed length control field 171122s19331963e a|||| ||a| 000 0 eng d
035 ## - SYSTEM CONTROL NUMBER
system control number (BD-JhCC)4036
040 ## - CATALOGING SOURCE
Original cataloging agency BD-JhCC
Modifying agency BD-JhCC
041 ## - LANGUAGE CODE
Language code of Book eng
082 ## - DEWEY DECIMAL CLASSIFICATION NUMBER
Classification number 822.33
Author mark and Year FAU 1963
100 ## - MAIN ENTRY--PERSONAL NAME
Personal name Faucett, G. M.
245 ## - TITLE STATEMENT
Title The Merchant of Venice /
Statement of responsibility, etc G. M. Faucett,
260 ## - PUBLICATION, DISTRIBUTION, ETC. (IMPRINT)
Place of publication, distribution, etc London :
Name of publisher, distributor, etc Oxford University Press,
Date of publication, distribution, etc 1963
300 ## - PHYSICAL DESCRIPTION
Pagination 32 p. :
Dimensions 18 cm.
650 ## - SUBJECT ADDED ENTRY--TOPICAL TERM
Topical term or geographic name as entry element English Drama
700 ## - ADDED ENTRY--PERSONAL NAME
Personal name W. L.
942 ## - ADDED ENTRY ELEMENTS (KOHA)
Source of classification or shelving scheme Dewey Decimal Classification
Koha item type Books
Holdings
Source of classification or shelving scheme Damaged status Not for loan Home library Current library Shelving location Date of accession Total Checkouts Full call number Barcode Date last seen Copy number Koha item type
Dewey Decimal Classification     JCC Rouf Library JCC Rouf Library General Stacks 11/22/2017   822.33 FAU 1963 5681 11/22/2017 C- 1 Books

JCC Library | Contacts | JCC Home

Last Update on 23 September 2017
Copyright @ 2017-2020 JCC Rouf Library
Rouf Library, Jhenidah Cadet College (JCC), Bangladesh